| 000 -LEADER |
| fixed length control field |
00669nam a22002177a 4500 |
| 008 - FIXED-LENGTH DATA ELEMENTS--GENERAL INFORMATION |
| fixed length control field |
150925b xxu||||| |||| 00| 0 eng d |
| 020 ## - INTERNATIONAL STANDARD BOOK NUMBER |
| International Standard Book Number |
0201525658 |
| 041 0# - LANGUAGE CODE |
| Language code of text/sound track or separate title |
eng |
| 080 ## - UNIVERSAL DECIMAL CLASSIFICATION NUMBER |
| Universal Decimal Classification number |
510.2 |
| 100 1# - Rafti |
| Rafti |
Billstein, Rick. |
| 245 ## - TITLE STATEMENT |
| Title |
A problem solving approach to mathematics for elementary school teachers / |
| Statement of responsibility, etc |
Rick Billstein, Shlomo Libeskind, Johnny W. Lott. |
| 250 ## - |
| -- |
5th ed. |
| 260 ## - |
| -- |
Reading, Mass. : |
| -- |
Addison-Wesley, |
| -- |
1993. |
| 300 ## - |
| -- |
xxii, 905 f. : |
| -- |
me il.; |
| -- |
27 cm. |
| 650 #0 - |
| -- |
Matematika |
| 650 #0 - |
| -- |
Zgjidhja e problemeve |
| 700 1# - |
| -- |
Libeskind, Shlomo. |
| 700 1# - |
| -- |
Lott, Johnny W., |
| 700 1# - |
| -- |
Billstein, Rick. |
| 942 ## - ADDED ENTRY ELEMENTS (KOHA) |
| Source of classification or shelving scheme |
|
| Item type |
Books |